ATLAS OF HUMAN ANATOMY (Record no. 15520)

MARC details
000 -LEADER
fixed length control field 00322nam a22001457a 4500
003 - CONTROL NUMBER IDENTIFIER
control field SGT
020 ## - INTERNATIONAL STANDARD BOOK NUMBER
International Standard Book Number 978-0-323-39321-8
082 ## - DEWEY DECIMAL CLASSIFICATION NUMBER
Classification number 611
Item number A19N
100 ## - MAIN ENTRY--PERSONAL NAME
Personal name NATTER, FRANK
245 ## - TITLE STATEMENT
Title ATLAS OF HUMAN ANATOMY
260 ## - PUBLICATION, DISTRIBUTION, ETC. (IMPRINT)
Place of publication, distribution, etc PHILADELPHIA
Name of publisher, distributor, etc ELSEVIER
Year of Publication 2019
300 ## - PAGE DESCRIPTION
No. of Pages 535
650 ## - SUBJECT ADDED ENTRY--TOPICAL TERM
Topical term or geographic name as entry element ANATOMY
942 ## - ADDED ENTRY ELEMENTS (KOHA)
Source of classification or shelving scheme Dewey Decimal Classification
Koha item type Books
942 ## - ADDED ENTRY ELEMENTS (KOHA)
-- 75
Holdings
Withdrawn status Lost status Source of classification or shelving scheme Damaged status Not for loan Collection code Home library Current library Shelving location Date acquired Vendor Name Cost, normal purchase price SGTU Bill Number Total Checkouts Total Renewals Full call number Accession No. (Barcode) Date last seen Date last borrowed Bill Date Koha item type
    Dewey Decimal Classification     MEDICAL SGT Medical Library SGT Medical Library Reference Book 21/05/2018 ABC 1620.00 SGTU 9735 36 1 611 A19N FM10647 01/04/2026 14/03/2026 15/05/2018 Books
    Dewey Decimal Classification     MEDICAL SGT Medical Library SGT Medical Library Reference Book 21/05/2018 ABC 1620.00 SGTU 9735 43 1 611 A19N FM10648 08/04/2026 25/03/2026 15/05/2018 Books
    Dewey Decimal Classification     MEDICAL SGT Medical Library SGT Medical Library Reference Book 21/05/2018 ABC 1620.00 SGTU 9735     611 A19N FM10649 21/05/2018   15/05/2018 Books
    Dewey Decimal Classification     MEDICAL SGT Medical Library SGT Medical Library Reference Book 21/05/2018 ABC 1620.00 SGTU 9735 32 3 611 A19N FM10650 23/03/2026 09/03/2026 15/05/2018 Books